[Event "XXVII RUS-chT Premier 2020"]
[Site "Sochi"]
[Date "2020.11.25"]
[Round "6.8"]
[White "Malakhov, Vladimir"]
[Black "Alekseev, Evgeny"]
[Result "1/2-1/2"]
[WhiteElo "2676"]
[BlackElo "2615"]
[Annotator "TA"]
[PlyCount "48"]
[EventDate "2020.11.19"]
[EventType "team-tourn"]
[EventCountry "RUS"]
[SourceTitle "playchess.com"]
[Source "ChessBase"]
[SourceQuality "1"]

{[%evp 12,48,7,7,7,7,0,7,4,8,3,-7,0,0,0,-10,1,6,7,-30,-22,-29,-17,-49,-12,-39,0,-31,-30,-30,-23,-14,0,0,0,-34,0,0,0]} 1. Nf3 c5 2. c4 Nc6 3. d4 cxd4 4. Nxd4 e6 5. Nc3 Nf6 6. a3 Be7 7. e4 O-O {A33: Symmetrical English: 2 Nf3 Nf6 3 d4 cxd4 4 Nxd4 e6 5 Nc3 Nc6.} 8. Nf3 Qc7 9. Be2 b6 10. O-O Bb7 11. Bg5 Rad8 {has lost popularity (11...Rfd8).} 12. Bh4 d6 13. Rc1 Qb8 {[#]} 14. b4 $146 ({Predecessor:} 14. Re1 Nd7 15. Bxe7 Nxe7 16. Bf1 a6 17. Qd2 Ne5 18. Qe3 Nxf3+ 19. Qxf3 Bc6 20. Qd3 {½-½ (43) Wang,H (2743)-Malakhov,V (2709) China 2013}) 14... Rfe8 15. Qb3 Ne5 16. Nxe5 dxe5 17. Bxf6 gxf6 18. Rfd1 Rd4 19. Bd3 Red8 20. Ne2 R4d7 21. Ng3 Rd4 22. Ne2 R4d7 23. Ng3 Rd4 24. Ne2 R4d7 {Weighted Error Value: White=0.07/Black=0.08} 1/2-1/2

[Event "XXVII RUS-chT Premier 2020"]
[Site "Sochi"]
[Date "2020.11.25"]
[Round "6.9"]
[White "Kokarev, Dmitry"]
[Black "Predke, Alexandr"]
[Result "1/2-1/2"]
[WhiteElo "2621"]
[BlackElo "2696"]
[Annotator "TA"]
[PlyCount "84"]
[EventDate "2020.11.19"]
[EventType "team-tourn"]
[EventCountry "RUS"]
[SourceTitle "playchess.com"]
[Source "ChessBase"]
[SourceQuality "1"]

{[%evp 24,84,26,31,79,13,16,2,9,4,0,9,0,13,10,-21,-20,-19,-14,-30,-20,-14,0,-33,-33,-29,-30,-31,-33,-32,-30,-32,-21,-36,-32,-31,-32,-32,-32,-37,-37,-59,-54,-43,-12,-10,0,0,0,0,0,0,0,0,0,0,0,0,0,0,0,0,0]} 1. e4 e5 2. Nf3 Nc6 3. Bb5 a6 4. Ba4 Nf6 5. O-O b5 6. Bb3 Bc5 7. c3 d6 8. d4 Bb6 9. a4 Rb8 10. axb5 axb5 11. Na3 O-O 12. Nxb5 Bg4 13. Bc2 Qd7 {C78: Ruy Lopez: Archangelsk and Möller Defences.} 14. Be3 {[#]} (14. Bg5 $16) 14... d5 $146 ({Predecessor:} 14... Rfe8 15. Re1 h6 16. d5 Ne7 17. Na7 Bxe3 18. Rxe3 Ng6 19. Ba4 Qe7 20. Nc6 Qf8 21. Nxb8 Rxb8 {½-½ (47) Iwanow,A (2026)-Galunova,T (1961) Kemer 2009}) 15. exd5 ({Of course not} 15. dxe5 Bxf3 16. Qxf3 Nxe5 $17) 15... Qxd5 16. dxe5 Bxf3 17. Qxf3 Qxf3 18. gxf3 Nxe5 {[#] aiming for ...Bxe3.} 19. Nd4 Bxd4 20. cxd4 Nxf3+ 21. Kg2 Nh4+ 22. Kg3 Rxb2 23. Rac1 (23. Rfc1 $5 {[%cal Rg3h4]} Ng6 24. Bxg6 fxg6 25. Rxc7 $11) 23... Ng6 24. Bxg6 fxg6 25. Rxc7 Nd5 26. Rcc1 Rb6 27. Kg2 h6 28. Rb1 Re6 29. Rb3 Re4 30. h3 g5 31. Rd1 g4 32. hxg4 Rxg4+ 33. Kf1 $1 Rg3 {[#] ...Rxe3 is the strong threat.} 34. Ke2 {The position is equal.} Nf4+ 35. Kd2 Rg2 36. Rdb1 Nd5 37. Rb8 Nxe3 38. Rxf8+ Kxf8 39. Kxe3 Ke7 40. Kf3 Rg5 41. Ke4 Rg4+ 42. Ke5 Rg5+ {Weighted Error Value: White=0.09/Black=0.06} 1/2-1/2

[Event "XXVII RUS-chT Premier 2020"]
[Site "Sochi"]
[Date "2020.11.25"]
[Round "6.10"]
[White "Esipenko, Andrey"]
[Black "Makarian, Rudik"]
[Result "1-0"]
[WhiteElo "2683"]
[BlackElo "2441"]
[Annotator "TA"]
[PlyCount "81"]
[EventDate "2020.11.19"]
[EventType "team-tourn"]
[EventCountry "RUS"]
[SourceTitle "playchess.com"]
[Source "ChessBase"]
[SourceQuality "1"]

{[%evp 11,81,0,0,-4,-1,0,10,0,9,4,8,0,3,10,12,0,7,8,29,29,185,165,174,175,331,330,339,333,329,331,347,347,338,341,345,331,358,352,335,332,404,408,448,396,398,367,377,366,385,388,432,386,381,352,383,365,471,472,524,524,534,526,535,526,499,492,750,749,727,709,998,797]} 1. e4 e5 2. Nf3 Nc6 3. Bb5 Nf6 4. d3 Bc5 5. O-O Nd4 6. Nxd4 Bxd4 7. c3 {C65: Ruy Lopez: Berlin Defence (3...Nf6), unusual lines and 4 0-0 Bc5.} Bb6 8. Ba4 O-O 9. Bg5 {The position is equal.} d6 10. Nd2 h6 11. Bh4 g5 {[#] Threatens to win with ...Bg4.} 12. Bg3 Bg4 13. Qe1 Nh5 14. Bd1 Qd7 15. Nc4 f5 $2 {[#] This move loses the game for Black.} (15... Nf4 $11) 16. Nxb6 axb6 17. f3 {[#]} Bh3 $146 (17... Nxg3 18. Qxg3 Bh5) ({Predecessor:} 17... Nxg3 18. hxg3 Bh5 19. exf5 Bf7 20. g4 Kg7 21. Qd2 Qe7 22. Bb3 d5 23. Rae1 Qf6 {1-0 (53) Karjakin,S (2753)-Harikrishna,P (2729) Kolkata 2018}) 18. gxh3 $18 f4 19. Bf2 Qxh3 20. Kh1 Kh8 {intending ...g4.} 21. Rg1 Nf6 22. Qf1 Qh5 23. Qg2 Rae8 24. a4 Rg8 25. a5 Rg7 26. axb6 cxb6 27. h3 Qf7 28. Ra3 h5 29. Bb3 Qd7 30. Qh2 Qb5 31. Rd1 Rf8 32. Be1 Qc6 33. Rda1 d5 34. Ra8 {White is clearly winning.} Rxa8 35. Rxa8+ Kh7 36. exd5 Nxd5 {Black hopes to continue with ...Ne3.} 37. d4 Ne3 38. Bc2+ Rg6 (38... Nxc2 $142 39. Qxc2+ Qg6 40. Qxg6+ Kxg6) 39. Be4 Qc4 40. Qg1 Qe2 41. Qf2 {Weighted Error Value: White=0.07/Black=0.35} 1-0

[Event "XXVII RUS-chT Premier 2020"]
[Site "Sochi"]
[Date "2020.11.25"]
[Round "6.11"]
[White "Petrov, Nikita"]
[Black "Inarkiev, Ernesto"]
[Result "1/2-1/2"]
[WhiteElo "2577"]
[BlackElo "2661"]
[Annotator "TA"]
[PlyCount "69"]
[EventDate "2020.11.19"]
[EventType "team-tourn"]
[EventCountry "RUS"]
[SourceTitle "playchess.com"]
[Source "ChessBase"]
[SourceQuality "1"]

{[%evp 12,69,25,15,17,12,20,17,18,17,12,14,27,14,14,21,19,21,39,41,40,46,50,37,73,79,103,104,103,93,212,215,189,202,189,172,187,168,157,51,40,0,153,94,88,0,0,0,91,0,0,0,88,0,0,0,85,0,0,0]} 1. d4 d5 2. c4 dxc4 3. e3 Nf6 4. Bxc4 e6 5. Nf3 c5 6. O-O a6 7. Nbd2 {[%cal Bb1d2,Bd2c4,Bc4b6][%mdl 32]} Nbd7 {D27: Queen's Gambit Accepted: Classical main line: 7 e4!? and 7 a4.} 8. e4 $5 {[%mdl 4] Leaves trodden paths.} b5 9. e5 bxc4 10. exf6 Nxf6 11. Nxc4 {[#]} Be7 $146 ({Predecessor:} 11... Bd7 12. Re1 Bb5 13. Nce5 Be7 14. a4 Bd7 15. Bg5 Rc8 16. Rc1 c4 17. Rxc4 Rxc4 18. Nxc4 {½-½ (45) Grischuk,A (2782)-Caruana,F (2799) Saint Louis 2017}) 12. dxc5 Qxd1 13. Rxd1 {Strongly threatening Nb6.} Bxc5 14. Be3 Be7 15. Nb6 Rb8 16. Ne5 Bb7 17. Rac1 Bd8 18. Nbc4 {Nd6+ is the strong threat.} Be7 19. Na5 $1 $36 {[%cal Ra5b7][%mdl 2048] White is in control.} Bd5 20. Nac6 $1 {[%cal Rc6b8]} Rb7 ({Not} 20... Rxb2 $2 21. Nxe7 Kxe7 22. Bc5+ (22. Rc7+ Kd6 $18) 22... Ke8 23. Ba3 $18) (20... Bxc6 $16 {is a better defense.} 21. Nxc6 (21. Rxc6 Ra8 $14) 21... Rc8) 21. Nxe7 $18 Kxe7 22. Bc5+ Kd8 23. a4 h5 24. a5 h4 25. Bb6+ (25. b4 $16 {And now b5! would win.} Ne4 26. Bb6+ Ke7 27. f3) 25... Ke7 $14 26. Bc5+ (26. Nc6+ $14 Bxc6 27. Rxc6) 26... Kd8 $1 $16 27. Rd3 (27. b4 $142 $1 {[%cal Rb4b5] aiming for b5!} Ne4 28. Bb6+ Ke7 29. f3) 27... Rh5 28. Bb6+ (28. f4 $1 $16) 28... Ke7 $11 29. Bc5+ (29. Bd4 $11) 29... Kd8 $1 $16 30. Bb6+ ({White should play} 30. f4 $1 $16) 30... Ke7 $11 31. Bc5+ ({Better is} 31. Bd4 $11) 31... Kd8 $1 $16 {[#]} 32. Bb6+ (32. f4 $1 $16) 32... Ke7 $11 33. Bc5+ (33. Bd4 $11) 33... Kd8 $1 $16 {[#]} 34. Bb6+ ({White should try} 34. f4 $1 $16) 34... Ke7 $11 35. Bc5+ {Black defended with fortune.  Weighted Error Value: White=0.19/Black=0.05} 1/2-1/2

[Event "XXVII RUS-chT Premier 2020"]
[Site "Sochi"]
[Date "2020.11.25"]
[Round "6.12"]
[White "Sarana, Alexey"]
[Black "Zakhartsov, Vladimir"]
[Result "1-0"]
[WhiteElo "2636"]
[BlackElo "2484"]
[Annotator "TA"]
[PlyCount "51"]
[EventDate "2020.11.19"]
[EventType "team-tourn"]
[EventCountry "RUS"]
[SourceTitle "playchess.com"]
[Source "ChessBase"]
[SourceQuality "1"]

{[%evp 12,51,35,20,18,8,14,2,22,22,28,23,61,25,27,27,25,0,26,0,518,520,501,517,801,785,1312,1305,1285,1277,1243,1241,2560,2485,29982,29980,29980,29979,3541,2198,1858,927]} 1. d4 Nf6 2. c4 e6 3. Nf3 b6 4. a3 Bb7 5. Nc3 Ne4 6. Nxe4 Bxe4 7. Bf4 Be7 {E12: Queen's Indian: Unusual White 4th moves, 4 a3, 4 Nc3 Bb7 5 a3 and 4 Nc3 Bb7 .} 8. Nd2 Bb7 9. e3 {[#]} c5 $146 {The position is equal.} ({Predecessor:} 9... O-O 10. Qc2 f5 11. h3 c5 12. Bxb8 Qxb8 13. O-O-O cxd4 14. Nf3 Bxf3 15. gxf3 Bf6 {½-½ (27) Monsoy,A-Sollid,S Gausdal 1999}) 10. d5 exd5 11. cxd5 O-O 12. Ne4 d6 13. h4 Na6 14. Qh5 {And now Bd3 would win.} Nc7 15. Rd1 (15. Bd3 $5 {[%cal Re4f6]} Nxd5 16. Nxc5 $1 $11 {[%mdl 512]}) 15... f5 $2 {[%mdl 8192]} (15... g6 $11 16. Qh6 f6) 16. Ng5 $18 {[%csl Gg5][%cal Rh5h7]} h6 {[#]} 17. Qg6 $1 {[%csl Gg5][%cal Rg6h7][%mdl 512]} hxg5 (17... Bxg5 $142 18. hxg5 Qe8 19. Qxd6 Nxd5 20. Rxd5 Bxd5 21. Qxd5+ Kh7) 18. hxg5 Bf6 19. Qh7+ Kf7 20. gxf6 Qxf6 21. Rh6 Qxb2 22. Qxf5+ Ke8 23. Qg6+ Kd8 24. Qxd6+ {[%mdl 64] Double Attack} Ke8 25. Bd3 {Threatening mate with Bg6+.} Qc3+ 26. Ke2 {Weighted Error Value: White=0.12/Black=1.21} (26. Rd2 $142 Qa1+ 27. Ke2 gxh6 28. Be5 Qxe5 29. Bg6+ Rf7 30. Qxe5+ Kd7 31. Bxf7 Ba6+ 32. Ke1) 1-0

[Event "XXVII RUS-chT Premier 2020"]
[Site "Sochi"]
[Date "2020.11.25"]
[Round "6.13"]
[White "Paravyan, David"]
[Black "Triapishko, Alexandr"]
[Result "1-0"]
[WhiteElo "2654"]
[BlackElo "2506"]
[Annotator "TA"]
[PlyCount "95"]
[EventDate "2020.11.19"]
[EventType "team-tourn"]
[EventCountry "RUS"]
[SourceTitle "playchess.com"]
[Source "ChessBase"]
[SourceQuality "1"]

{[%evp 15,95,-33,-2,-25,0,-48,35,34,33,29,50,52,80,0,0,0,0,-8,0,0,0,0,33,21,56,49,132,108,145,155,147,126,151,143,220,189,170,171,294,291,283,278,292,285,279,262,553,543,575,585,581,570,862,576,606,554,619,612,608,327,797,644,1262,1238,1494,1473,1334,1334,1225,1751,3830,2265,2530,1600,2630,2151,1138,701,1008,972,29980,29981]} 1. Nf3 Nf6 2. g3 g6 3. d4 d5 4. Bg2 Bg7 5. c4 c6 6. O-O O-O 7. Nc3 dxc4 8. e4 b5 9. Qe2 {D78: Fianchetto Grünfeld: 6 0-0 c6.} Bg4 {[#]} 10. Rd1 $146 (10. e5 $5 {[%cal Re5f6]} Nd5 11. a4 $11) ({Predecessor:} 10. h3 Bxf3 11. Bxf3 e5 12. d5 a6 13. Rd1 Qc8 14. a4 Nbd7 15. Be3 Rb8 16. h4 cxd5 17. exd5 {0-1 (27) Vargyas,Z (2129)-Szabolcsi,J (2334) Budapest 2014}) 10... Qe8 (10... e5 $15 11. dxe5 Nfd7) 11. e5 $14 {[%mdl 1024] White has compensation.White is slightly better.} Nd5 12. a4 b4 13. Ne4 $1 f6 14. h3 (14. Qxc4 $16 Kh8 15. exf6 exf6 16. Nc5) 14... Bxf3 $11 15. Bxf3 fxe5 16. Bg4 exd4 {[#] And now ...d3 would win.} 17. Qxc4 e5 18. Bg5 {Nd6 is the strong threat.} Rf5 19. h4 Qe6 20. Rac1 h5 {Black is now going downhill.} (20... a5 $14) 21. Nc5 Qf7 22. Bxf5 gxf5 23. Na6 f4 24. Nc5 a5 (24... Nd7 $16 {was worth a try.}) 25. gxf4 $18 exf4 26. Nd3 f3 (26... Ra7 $142) 27. Nf4 $1 Nxf4 28. Qxf7+ Kxf7 29. Bxf4 Ke6 30. Re1+ Kd7 $2 (30... Kf7 31. Rc5 Nd7 32. Rxc6 Bf6) 31. Rc5 Na6 32. Rxh5 Rf8 33. Bg3 Bf6 34. Rxa5 Nc7 35. b3 Rg8 {If Black can now play ...Bxh4 this consolidates a bit.} 36. Kf1 Rg4 37. h5 d3 $2 (37... Nd5 38. h6 d3 39. Ra7+ Kd8) 38. Rd1 Rd4 {intending ...Nd5.} 39. Ra7 Bd8 40. h6 Rd5 41. h7 Rh5 42. Rxd3+ Ke6 43. Re3+ Kd7 44. Rxf3 Rxh7 45. Rd3+ Kc8 {[#]} 46. Rxd8+ $1 Kxd8 47. Bxc7+ Rxc7 48. Rxc7 {Weighted Error Value: White=0.30/Black=0.62} 1-0

[Event "XXVII RUS-chT Premier 2020"]
[Site "Sochi"]
[Date "2020.11.25"]
[Round "6.14"]
[White "Kardashevskiy, Evgeny"]
[Black "Chigaev, Maksim"]
[Result "1/2-1/2"]
[WhiteElo "2436"]
[BlackElo "2615"]
[Annotator "TA"]
[PlyCount "79"]
[EventDate "2020.11.19"]
[EventType "team-tourn"]
[EventCountry "RUS"]
[SourceTitle "playchess.com"]
[Source "ChessBase"]
[SourceQuality "1"]

{[%evp 12,79,32,25,27,27,52,16,32,11,47,26,46,30,33,19,31,22,25,13,6,10,8,0,14,-10,-12,-15,0,-14,0,-17,25,10,6,8,7,0,4,0,6,6,6,5,2,0,27,27,31,25,25,18,22,0,0,0,0,0,0,0,0,0,0,0,0,0,0,0,0,0]} 1. d4 Nf6 2. Nf3 g6 3. c4 Bg7 4. g3 b6 {[%cal Bb7b6,Bb6b5][%mdl 32]} 5. Bg2 Bb7 6. O-O O-O 7. Qc2 {7.d5 gains popularity.} c5 {A50: Queen's Fianchetto Defence (1 d4 Nf6 2 c4 b6).} 8. d5 b5 9. Rd1 d6 10. e4 bxc4 11. Na3 {[#]} Ba6 $146 ({Predecessor:} 11... Nbd7 12. Nxc4 Rb8 13. Bd2 Nb6 14. Na5 Qd7 15. Rac1 Qa4 16. Re1 Qxc2 17. Rxc2 Nfd7 18. Nxb7 Rxb7 {1-0 (56) Tomashevsky,E (2705)-Wojtaszek,R (2725) Moscow 2019}) 12. Nd2 Ng4 13. Ndxc4 Nd7 14. h3 Nge5 15. Rb1 Bxc4 16. Nxc4 Nxc4 17. Qxc4 Qa5 18. Bd2 Nb6 {[#] And now ...Qxd2 would win.} 19. Qb3 Qa6 20. a3 Rab8 21. Bf1 c4 22. Qc2 Qa4 23. Rdc1 Rfc8 24. Qxa4 (24. h4 {keeps more tension.} Qxc2 25. Rxc2 Na4 26. Rxc4 Rxc4 27. Bxc4 Rxb2 28. Rxb2 Bxb2 29. Bb4) 24... Nxa4 25. Rxc4 Rxc4 26. Bxc4 Rxb2 27. Rxb2 Bxb2 $11 {[%mdl 4096] Endgame KBB-KBN} 28. Bb4 a5 29. Bxa5 {Threatens to win with Bb5.} Bxa3 30. Kg2 Bb2 31. Bb4 Bc3 {The position is equal.} 32. Bb3 Bxb4 33. Bxa4 {KB-KB} Kg7 34. f4 Be1 35. Kf3 Kf6 36. Be8 Kg7 37. Bd7 Kf6 38. Be8 Kg7 39. Bd7 Kf6 40. Be8 {Weighted Error Value: White=0.07/Black=0.07} 1/2-1/2

[Event "XXVII RUS-chT Premier 2020"]
[Site "Sochi"]
[Date "2020.11.25"]
[Round "6.15"]
[White "Antipov, Mikhail Al."]
[Black "Musalov, Ruslan"]
[Result "1/2-1/2"]
[WhiteElo "2607"]
[BlackElo "2348"]
[Annotator "TA"]
[PlyCount "70"]
[EventDate "2020.11.19"]
[EventType "team-tourn"]
[EventCountry "RUS"]
[SourceTitle "playchess.com"]
[Source "ChessBase"]
[SourceQuality "1"]

{[%evp 13,70,1,6,10,4,0,0,2,29,-239,0,0,0,-187,-197,-228,-190,-287,-287,-287,-252,-359,-338,-356,-347,-360,-351,-326,-271,-515,-279,-743,-734,-695,-625,-631,0,-684,0,-633,-616,-802,-802,-1326,-1188,-1170,-1147,-1220,-965,-929,-656,-1105,-834,-1322,-1309,-1338,-1348,-1305,-1275]} 1. e4 e5 2. Nf3 Nc6 3. Bb5 a6 4. Ba4 Nf6 5. d3 d6 6. c4 g6 7. Nc3 Bg7 8. Nd5 {C77: Ruy Lopez: 3...a6 4 Ba4 Nf6, unusual lines.} Nd7 9. Bg5 f6 10. Be3 {[#] The position is equal.} Ne7 $146 ({Predecessor:} 10... O-O 11. O-O Kh8 12. Re1 Rf7 13. h3 Nc5 14. Bxc5 dxc5 15. Bxc6 bxc6 16. Nc3 Rd7 {1-0 (74) Filippov,A (2582)-Buhmann,R (2640) Baku 2016}) 11. Nxe5 $2 {[%mdl 8192]} (11. d4 $11 {and White has nothing to worry.}) 11... fxe5 $2 (11... dxe5 $19 12. O-O c6) 12. Bg5 $11 Bf8 {Threatens to win with ...c6.} 13. f4 $2 {White is on the road to losing.} (13. Nf6+ $11 Kf7 14. Bxd7 Bxd7 15. Qf3) 13... c6 $19 14. fxe5 {White wants to play Nf6+.} cxd5 15. O-O {[#]} (15. e6 $142) 15... b5 $1 {[%cal Rb5a4]} 16. d4 (16. cxb5 axb5) 16... Qb6 ({Don't take} 16... bxa4 17. exd6 dxe4 18. Qe2 $19) 17. exd5 (17. exd6 {is the only way for White.} Qxd6 18. c5 Nxc5 19. dxc5 Qxc5+ 20. Kh1 bxa4 21. Qf3) 17... bxa4 18. exd6 Bg7 (18... Qxb2 19. Rb1 $16) 19. c5 Qxb2 20. Kh1 {Qe1! would now be nice for White.} Qxd4 21. Qe1 $2 (21. Qxd4 {was the only defense.} Bxd4 {[#]} 22. Rae1 $1 {[%mdl 576] Pin}) 21... Qe5 22. Qd2 $2 (22. Bf4 Qxe1 23. Raxe1 {[%mdl 64] Pin}) 22... Qxd5 23. Qe3 Qe5 24. Qf3 Qd5 {[#]} 25. Qe3 $1 {[%csl Gd6,Gg5][%cal Re3e7][%mdl 576] Pin} Qe5 26. Qf3 Qxg5 {Black is clearly winning.} 27. Qf7+ Kd8 28. Rae1 Be5 29. dxe7+ Qxe7 30. Qd5 Ra7 31. c6 Qc5 32. Qe4 Nf6 33. Qxa4 Re7 34. Rb1 Ke8 35. Rfc1 Qd4 {[%mdl 32768] Weighted Error Value: White=0.90/Black=0.85. An unexpected result.} 1/2-1/2

[Event "XXVII RUS-chT Premier 2020"]
[Site "Sochi"]
[Date "2020.11.25"]
[Round "6.16"]
[White "Truskavetsky, Alexandr"]
[Black "Yuffa, Daniil"]
[Result "1/2-1/2"]
[WhiteElo "2399"]
[BlackElo "2565"]
[Annotator "TA"]
[PlyCount "153"]
[EventDate "2020.11.19"]
[EventType "team-tourn"]
[EventCountry "RUS"]
[SourceTitle "playchess.com"]
[Source "ChessBase"]
[SourceQuality "1"]

{[%evp 14,153,0,10,43,22,19,28,35,-32,-42,-43,-38,-68,-62,-59,-63,-66,-60,-107,-55,-56,-52,-70,-25,-22,-10,-23,-17,-21,-31,-26,-21,-16,-28,-45,-37,-42,-29,-44,-12,-12,-12,-28,-11,-18,-18,-18,-13,-8,-14,-11,-7,-9,-7,-3,-6,-10,-3,-12,-12,-22,-22,-22,-15,-16,-15,-15,-16,-23,0,0,-2,0,0,0,0,-20,-23,-28,-28,-23,-8,-8,0,0,0,0,0,0,0,0,0,0,0,0,0,0,0,0,0,0,0,0,0,0,0,0,0,0,0,0,0,0,0,0,8,0,0,0,0,0,0,0,0,0,0,-8,-8,-8,-8,-9,0,-8,-8,-9,0,0,0,0,0,0]} 1. d4 Nf6 2. Nf3 g6 3. g3 Bg7 4. Bg2 O-O 5. O-O d6 6. b3 e5 7. dxe5 dxe5 $1 {7...dxe5 is better than 7...Ng4.} 8. Ba3 e4 {A49: 1 d4 Nf6 2 Nf3 g6 3 g3: Anti-King's Indian systems.} 9. Bxf8 Qxf8 10. Nd4 e3 {White has an edge.} 11. Nc3 (11. f4 $14) 11... Ng4 $15 12. fxe3 Nxe3 13. Qd3 Nxf1 14. Rxf1 {[#] Black should prevent Bd5.} c6 $146 ({Predecessor:} 14... c5 15. Ndb5 Nc6 16. Nd5 a6 17. Nbc7 Rb8 18. Nf6+ Kh8 19. Nce8 Be6 20. Bxc6 bxc6 {0-1 (41) Mikhalevski,V (2565)-Chigaev,M (2588) chess.com INT 2020}) 15. Ne4 Qe7 16. Nf3 Nd7 ({Black should play} 16... Bf5 $17 17. Nh4 Bxe4 18. Qxe4 Qxe4 19. Bxe4 Nd7) 17. Nfg5 Ne5 18. Qd6 Qxd6 (18... Bf8 {is interesting.} 19. Nf6+ Kg7 20. Qd2 h6 21. Nge4 Bf5) 19. Nxd6 Bg4 20. Nf3 Rb8 21. Nxe5 Bxe5 22. Nxf7 Bd4+ 23. Kh1 Bxe2 24. Re1 Re8 25. Nd6 {[%mdl 64] [#] Double Attack} Re7 26. Ne4 Bg4 27. h3 Bd7 28. g4 Kg7 29. Bf3 c5 30. Kg2 b5 31. c3 {[#]} Bxc3 $1 {[%mdl 576] Pin} 32. Rc1 (32. Nxc3 Rxe1) 32... Bd4 {Strongly threatening ...Bc6.} 33. Nxc5 Be8 34. Ne4 Be5 35. Rc2 h6 36. h4 Bf4 37. Nc5 Bf7 38. Re2 Bd6 39. Ne4 Bb4 40. Rc2 a5 41. Rc8 a4 42. Rb8 axb3 43. axb3 Re5 ({Don't blunder} 43... Bxb3 $2 44. Rxb5 Be1 45. Rxb3 $18) 44. Rb7 Be7 45. Nc3 b4 46. Nd5 Bxh4 47. Nxb4 Kf6 48. Nd3 {The position is equal.} Ra5 49. Rb6+ Kg7 50. Rb7 Bf6 51. b4 Ra2+ 52. Kf1 {Black must now prevent Bd5!} Ra1+ 53. Ke2 Kf8 54. Rb8+ Ke7 55. Rb7+ Ke8 56. Rb8+ Ke7 57. Rb7+ Kf8 58. Rb8+ Kg7 59. Rb7 Kf8 60. b5 Bd4 61. Be4 {Cut Off at move 61} Be6 62. Nf4 Bxg4+ 63. Kd3 Rd1+ 64. Kc2 Re1 65. Nxg6+ Ke8 66. Bc6+ Kd8 67. b6 {Intending Rb8+ and mate.} Bc8 {Threatens to win with ...Re6.} 68. Rb8 {White threatens b7 and mate.} Bxb6 69. Rxb6 {Nf4 is the strong threat.} Kc7 70. Rb4 {Hoping for Kd2.} Kxc6 $11 {[%mdl 4096] Endgame KRB-KRN} 71. Kd2 Re6 72. Nf4 Re5 73. Rc4+ Kd7 74. Nd3 Rg5 75. Rh4 Rg2+ 76. Kc3 Ke7 77. Rxh6 {Weighted Error Value: White=0.06/Black=0.05} 1/2-1/2

[Event "XXVII RUS-chT Premier 2020"]
[Site "Sochi"]
[Date "2020.11.25"]
[Round "6.17"]
[White "Lomasov, Semyon"]
[Black "Alexeev, Alexey"]
[Result "1-0"]
[WhiteElo "2528"]
[BlackElo "2246"]
[Annotator "TA"]
[PlyCount "91"]
[EventDate "2020.11.19"]
[EventType "team-tourn"]
[EventCountry "RUS"]
[SourceTitle "playchess.com"]
[Source "ChessBase"]
[SourceQuality "1"]

{[%evp 16,91,0,0,45,59,43,44,50,47,152,159,154,153,181,128,158,158,179,181,188,175,226,230,218,233,226,223,217,224,226,233,270,263,266,264,262,240,373,374,361,335,437,441,481,464,481,475,439,452,575,575,476,466,495,441,428,408,620,627,604,557,918,913,911,910,825,785,1068,1048,1046,1023,1057,1045,1035,919,990,940]} 1. e4 {Sadorra,J} e6 2. d4 d5 3. Nc3 Bb4 4. e5 c5 5. a3 Bxc3+ 6. bxc3 Ne7 7. h4 Qa5 8. Bd2 Nbc6 9. h5 Qa4 {Recently 9...h6 got a lot of attention. C18: French: 3 Nc3 Bb4: Main line: 7 h4 and 7 Qg4.} 10. h6 gxh6 11. Rb1 a6 {White is slightly better.} 12. Nf3 {[%mdl 1024] [#] White has compensation.} c4 $146 (12... cxd4 $14 13. cxd4 Nxd4) ({Predecessor:} 12... cxd4 13. cxd4 Nxd4 14. Bd3 Ndc6 15. Bxh6 Rg8 16. g3 Qxa3 17. Bxh7 Rg4 18. Bf4 Qc3+ {1-0 (66) Karjakin,S (2769)-Atabayev,M (2485) Baku 2016 CBM 175 [Sadorra,J]}) 13. Qc1 $16 Ng8 14. Be2 b5 15. Nh2 ({White should play} 15. Bxh6 $18 {Bg7 is the strong threat.} Nxh6 16. Rxh6) 15... Bd7 16. Bh5 O-O-O 17. Bxf7 Rf8 18. Bh5 Nce7 (18... Be8 $142) 19. Rb4 $18 Qa5 {[#]} 20. a4 $1 Nf5 21. Qa3 Nge7 22. Ng4 Nc6 23. Rb2 Rfg8 24. g3 (24. Nxh6 Nxh6 25. Bxh6 Nxd4 $14) 24... Qxa4 25. Qxa4 bxa4 26. Nf6 ({Resist} 26. Nxh6 $6 Nxh6 27. Bxh6 Kc7 $16) 26... a3 (26... Rd8 $142 27. Ra2 a5 28. Rxa4 Kc7) 27. Ra2 Rd8 28. Bc1 ({Don't take} 28. Rxa3 Kb7 $18) 28... Ng7 29. Bxa3 Nxh5 30. Rxh5 ({Less strong is} 30. Nxh5 Rhg8 $18) 30... Be8 31. Rxh6 Bg6 32. Bd6 Kb7 33. Rb2+ Ka8 34. Rb6 Rc8 35. Rxa6+ Kb7 36. Ra2 Ra8 (36... Na7 $142 37. Nd7 Nb5 38. Nc5+ Rxc5) 37. Rb2+ {White is clearly winning.} Kc8 38. Kd2 Nd8 {[#]} 39. Rh1 $1 {Intending Ra1! and mate.} Nb7 40. Rhb1 Nxd6 41. exd6 {Black must now prevent Rb7.} Rf8 {[#]} 42. Rb8+ $1 {[%mdl 576] Deflection, Decoy} Rxb8 43. Rxb8+ Kxb8 44. Nd7+ {[%mdl 64] Double Attack} Kb7 45. Nxf8 Bf5 46. Ke3 {Black did not feel at home in the position after the opening.  Weighted Error Value: White=0.05/Black=0.38} 1-0